Concise Oxford Atlas (Record no. 187067)

000 -LEADER
fixed length control field 00377 a2200157 4500
003 - CONTROL NUMBER IDENTIFIER
control field Nust
005 - DATE AND TIME OF LATEST TRANSACTION
control field 20170207153455.0
040 ## - CATALOGING SOURCE
Transcribing agency Nust
082 ## - DEWEY DECIMAL CLASSIFICATION NUMBER
Classification number 912
100 ## - MAIN ENTRY--PERSONAL NAME
Personal name Cook, K F
245 ## - TITLE STATEMENT
Title Concise Oxford Atlas
Statement of responsibility, etc. D P Bickmore and K F Cook
260 ## - PUBLICATION, DISTRIBUTION, ETC.
Place of publication, distribution, etc. Oxford
Name of publisher, distributor, etc. Oxford university press
Date of publication, distribution, etc. 1952
300 ## - PHYSICAL DESCRIPTION
Extent cixviii: P
538 ## - SYSTEM DETAILS NOTE
System details note Almirah No.54 and Shelf No.1
650 ## - SUBJECT ADDED ENTRY--TOPICAL TERM
Topical term or geographic name entry element Atlas
942 ## - ADDED ENTRY ELEMENTS (KOHA)
Source of classification or shelving scheme
Koha item type Book
Holdings
Withdrawn status Lost status Source of classification or shelving scheme Damaged status Not for loan Permanent Location Current Location Shelving location Date acquired Full call number Barcode Date last seen Price effective from Koha item type Public note
          Military College of Signals (MCS) Military College of Signals (MCS) General Stacks 12/12/2016 912,CON MCS29174 12/08/2016 12/12/2016 Book Almirah No.84, Shelf No.5
© 2023 Central Library, National University of Sciences and Technology. All Rights Reserved.